[Event "C.to Italiano di Categoria D"]
[Site "Civitanova Marche ITA"]
[Date "2012.07.15"]
[Round "1"]
[White "Alfier, Cecilia"]
[Black "Marrocco, Dario"]
[WhiteElo "1670"]
[BlackElo "1762"]
[Result "1/2-1/2"]
[PlyCount "103"]
[EventDate "2012.07.15"]

1. e4 e6 2. d4 d5 3. Nc3 Bb4 4. e5 c5 5. a3 Bxc3+ 6. bxc3 Qc7 7. f4 Ne7 8. Nf3
cxd4 9. cxd4 Bd7 10. Bd3 Nbc6 11. Bd2 Nf5 12. Bxf5 exf5 13. c3 Na5 14. O-O Nc4
15. a4 Rc8 16. Qc2 Nxd2 17. Qxd2 Qxc3 18. Qxc3 Rxc3 19. Rfc1 Rxc1+ 20. Rxc1 Bc6
21. a5 a6 22. h3 h6 23. Nh4 g6 24. g4 fxg4 25. hxg4 Kd7 26. f5 g5 27. Nf3 Rc8
28. Rc5 Ke7 29. Ne1 h5 30. gxh5 Rh8 31. Nc2 Rxh5 32. Ne3 g4 33. Nxd5+ Bxd5 34.
Rxd5 Rxf5 35. Rd6 Rf4 36. Kg2 f6 37. Kg3 fxe5 38. dxe5 Rb4 39. Rg6 Rb5 40. Rxg4
Rxe5 41. Rg7+ Kd6 42. Rxb7 Rxa5 43. Kf3 Kc6 44. Rb3 Kc5 45. Ke3 Kc4 46. Rb1 Kc3
47. Rb6 Kc2 48. Kd4 Ra4+ 49. Kc5 Ra3 50. Rb7 Rc3+ 51. Kb6 Ra3 52. Ra7 1/2-1/2

[Event "C.to Italiano di Categoria D"]
[Site "Civitanova Marche ITA"]
[Date "2012.07.15"]
[Round "1"]
[White "Ambrosini, Andrea"]
[Black "Donati, Michele"]
[WhiteElo "1684"]
[BlackElo "1764"]
[Result "1/2-1/2"]
[PlyCount "122"]
[EventDate "2012.07.15"]

1. e4 c5 2. Nf3 e6 3. c3 d5 4. exd5 Qxd5 5. d4 Nc6 6. a3 Nf6 7. Be3 cxd4 8.
cxd4 Qa5+ 9. Nc3 Ne4 10. Qb3 Nxc3 11. bxc3 Be7 12. Bd3 O-O 13. O-O Rd8 14. Qc2
h6 15. Qb3 Qc7 16. Bb1 e5 17. Qc2 f5 18. Qb3+ Kh8 19. dxe5 Nxe5 20. Nxe5 Qxe5
21. Bd4 Qd5 22. Qxd5 Rxd5 23. Re1 Bg5 24. Re8+ Kh7 25. Ba2 Rd8 26. Rxd8 Bxd8
27. Re1 Bd7 28. Be6 Bxe6 29. Rxe6 Bb6 30. Be5 Rd8 31. Kf1 Rd2 32. Bd4 Bxd4 33.
cxd4 Rxd4 34. Re7 Ra4 35. Rxb7 Rxa3 36. Ke2 Ra2+ 37. Ke3 Kg6 38. g3 Kf6 39. h3
g5 40. Kf3 Ra3+ 41. Kg2 Ke5 42. Rb5+ Ke4 43. Rb4+ Kd3 44. Rb5 f4 45. gxf4 gxf4
46. Rf5 Ke4 47. Rf6 h5 48. Rh6 Ra5 49. Re6+ Re5 50. Ra6 Re7 51. Ra4+ Kd3 52.
Kf3 Rf7 53. Ra5 h4 54. Rh5 Kd4 55. Ra5 Kc4 56. Kg4 Kb4 57. Ra6 Kb5 58. Ra1 a5
59. Kxh4 a4 60. Kg4 Kb4 61. h4 Kb3 1/2-1/2

[Event "C.to Italiano di Categoria D"]
[Site "Civitanova Marche ITA"]
[Date "2012.07.15"]
[Round "1"]
[White "Marinucci, Johnny"]
[Black "Brugaletta, Giorgio"]
[WhiteElo "1775"]
[BlackElo "1696"]
[Result "1-0"]
[PlyCount "120"]
[EventDate "2012.07.15"]

1. d4 d5 2. Bf4 Bf5 3. e3 e6 4. Nf3 Nd7 5. c4 Bb4+ 6. Nc3 c6 7. Be2 Ngf6 8. O-O
Bxc3 9. bxc3 Ne4 10. Qb3 Qb6 11. Rfc1 O-O 12. c5 Qxb3 13. axb3 a5 14. Bc7 Ra7
15. Bxa5 Rfa8 16. b4 Bg4 17. Rcb1 Bxf3 18. gxf3 Nd2 19. Rb2 Nc4 20. Bxc4 dxc4
21. e4 Nf6 22. Rd1 Nh5 23. d5 cxd5 24. exd5 exd5 25. Rxd5 Nf4 26. Rd4 g5 27.
Rxc4 Ra6 28. Rd2 Re6 29. Re4 Rae8 30. Rd8 Rxd8 31. Bxd8 Rxe4 32. fxe4 Ne2+ 33.
Kf1 Nxc3 34. f3 h6 35. Bf6 Nb5 36. Ke2 Kf8 37. Kd3 Ke8 38. Kc4 Nc7 39. b5 Kd7
40. Be5 Ne6 41. Kd5 h5 42. h3 Nd8 43. Bh2 Ne6 44. c6+ bxc6+ 45. bxc6+ Kc8 46.
Be5 Nf8 47. Bh2 Ng6 48. Bg3 Ne7+ 49. Kd6 Ng6 50. e5 Kd8 51. c7+ Kc8 52. e6 fxe6
53. Kxe6 Nf8+ 54. Kf7 Nd7 55. Kg6 g4 56. fxg4 hxg4 57. h4 Nf8+ 58. Kg5 Ne6+ 59.
Kxg4 Nxc7 60. Bxc7 Kxc7 1-0

[Event "C.to Italiano di Categoria D"]
[Site "Civitanova Marche ITA"]
[Date "2012.07.15"]
[Round "1"]
[White "Ramini, Luigi"]
[Black "Marvulli, Dario"]
[WhiteElo "1763"]
[BlackElo "1676"]
[Result "1-0"]
[PlyCount "51"]
[EventDate "2012.07.15"]

1. d4 c5 2. d5 e5 3. c4 d6 4. Nc3 Nf6 5. e4 Nbd7 6. f4 exf4 7. Bxf4 Be7 8. Nf3
O-O 9. Bd3 Ne8 10. O-O g6 11. Qe1 Ng7 12. Nb5 Nf6 13. e5 dxe5 14. Bxe5 Ng4 15.
Bc7 Qd7 16. h3 a6 17. d6 Bf6 18. Nc3 Re8 19. Qd2 Ne5 20. Nd5 Nxf3+ 21. Rxf3
Bd4+ 22. Kh1 Qc6 23. Re1 Be6 24. Nb6 Ra7 25. Be4 Bd5 26. Bxd5 1-0

[Event "C.to Italiano di Categoria D"]
[Site "Civitanova Marche ITA"]
[Date "2012.07.15"]
[Round "1"]
[White "Tencheni, Maurizio"]
[Black "Maggiore, Francesco"]
[WhiteElo "1699"]
[BlackElo "1778"]
[Result "0-1"]
[PlyCount "106"]
[EventDate "2012.07.15"]

1. c4 c6 2. Nc3 Nf6 3. g3 d5 4. cxd5 cxd5 5. d4 e6 6. Bg2 Nc6 7. Nf3 h6 8. O-O
Bb4 9. a3 Bxc3 10. bxc3 Na5 11. Nd2 Qc7 12. Bb2 O-O 13. Qc2 Nc4 14. Rab1 Bd7
15. e4 Nxd2 16. Qxd2 dxe4 17. Rfc1 Bb5 18. c4 Bxc4 19. Ba1 Rac8 20. Qc2 Qd6 21.
Bxe4 Bd5 22. Qxc8 Bxe4 23. Qc5 Qxc5 24. dxc5 Bxb1 25. Rxb1 Ne4 26. Rxb7 Nxc5
27. Rxa7 Rd8 28. Kg2 Ne4 29. Kf3 Nd2+ 30. Kg2 Nc4 31. Bc3 Rd1 32. a4 Rc1 33.
Bd4 e5 34. Be3 Nxe3+ 35. fxe3 Rc2+ 36. Kf3 Rxh2 37. a5 Ra2 38. a6 f6 39. Kg4
Ra3 40. Kf3 f5 41. Re7 e4+ 42. Kf4 Kf8 43. Re6 Kf7 44. Rb6 Ra5 45. g4 g5+ 46.
Kg3 f4+ 47. exf4 Ra3+ 48. Kf2 gxf4 49. Rb7+ Kf6 50. a7 Ra2+ 51. Kf1 e3 52. Rb6+
Kg5 53. Rb7 f3 0-1

[Event "C.to Italiano di Categoria D"]
[Site "Civitanova Marche ITA"]
[Date "2012.07.16"]
[Round "2"]
[White "Agostinelli, Matteo"]
[Black "Boscolo, Camiletto Andrea"]
[WhiteElo "1651"]
[BlackElo "1753"]
[Result "1/2-1/2"]
[PlyCount "72"]
[EventDate "2012.07.15"]

1. d4 g6 2. c4 Bg7 3. Nf3 c5 4. e3 Nc6 5. Nc3 d6 6. a3 a6 7. g3 Bg4 8. d5 Bxc3+
9. bxc3 Ne5 10. Bg2 Nxc4 11. h3 Bxf3 12. Bxf3 Ne5 13. Bg2 c4 14. O-O Nf6 15.
Rb1 b5 16. e4 Nfd7 17. Be3 Nd3 18. Bd4 O-O 19. Qd2 N7c5 20. f4 Qa5 21. f5 Ne5
22. fxg6 fxg6 23. Qg5 Qc7 24. Bxe5 dxe5 25. Rf5 Nd3 26. Rbf1 Rxf5 27. exf5 Qb6+
28. Kh1 Rf8 29. Qxe7 gxf5 30. d6 Qc5 31. Qe6+ Kg7 32. d7 f4 33. g4 Rd8 34. Qe8
Qf8 35. Qe6 Qf6 36. Qe8 Qf8 1/2-1/2

[Event "C.to Italiano di Categoria D"]
[Site "Civitanova Marche ITA"]
[Date "2012.07.16"]
[Round "2"]
[White "Donati, Michele"]
[Black "Marchetti, Michael"]
[WhiteElo "1764"]
[BlackElo "1639"]
[Result "1-0"]
[PlyCount "65"]
[EventDate "2012.07.15"]

1. c4 Nf6 2. Nf3 c6 3. g3 d5 4. b3 b6 5. Bg2 Bb7 6. O-O e6 7. Bb2 Be7 8. d3 O-O
9. Nbd2 Nbd7 10. Qc2 c5 11. e4 d4 12. b4 Qc7 13. Rab1 Rfb8 14. Nb3 a5 15. bxc5
bxc5 16. a4 Bc6 17. Nbd2 Rb4 18. Ra1 Rab8 19. Ba3 R4b7 20. Nxd4 cxd4 21. Bxe7
Rb2 22. Qd1 Qb6 23. c5 Qb4 24. Nc4 Qb3 25. Nxb2 Qxb2 26. Bxf6 Nxf6 27. Rb1 Qxb1
28. Qxb1 Rxb1 29. Rxb1 Bxa4 30. e5 Ne8 31. c6 Kf8 32. Rb7 Bc2 33. c7 1-0

[Event "C.to Italiano di Categoria D"]
[Site "Civitanova Marche ITA"]
[Date "2012.07.16"]
[Round "2"]
[White "Maggiore, Francesco"]
[Black "Carotenuto, Piero"]
[WhiteElo "1778"]
[BlackElo "1724"]
[Result "1-0"]
[PlyCount "93"]
[EventDate "2012.07.15"]

1. d4 d5 2. c4 e6 3. e3 Nf6 4. Nf3 c5 5. Nc3 Nc6 6. a3 cxd4 7. Nxd4 Be7 8. Be2
Nxd4 9. Qxd4 dxc4 10. Qxd8+ Bxd8 11. Bxc4 Bd7 12. O-O Ke7 13. b3 Ba5 14. Bb2
Rhc8 15. Rfd1 a6 16. Ne2 Ne8 17. Bd3 h6 18. Be4 Bc6 19. Bxc6 Rxc6 20. Bd4 f6
21. b4 Bb6 22. Rd3 Rd6 23. Rad1 Bxd4 24. Nxd4 Rad8 25. Kf1 Kf7 26. Ke2 e5 27.
Nb3 Rxd3 28. Rxd3 Rxd3 29. Kxd3 b6 30. a4 Nc7 31. Kc4 Ke7 32. a5 bxa5 33. bxa5
Kd6 34. Nc5 Kc6 35. Nd3 Nd5 36. g3 Nc7 37. Nb4+ Kd6 38. e4 h5 39. h3 g6 40. f3
f5 41. h4 fxe4 42. fxe4 Nb5 43. Nxa6 Na3+ 44. Kb4 Nb1 45. Nc5 Nd2 46. a6 Kc7
47. a7 1-0

[Event "C.to Italiano di Categoria D"]
[Site "Civitanova Marche ITA"]
[Date "2012.07.16"]
[Round "2"]
[White "Mannori, Giampaolo"]
[Black "Ramini, Luigi"]
[WhiteElo "1631"]
[BlackElo "1763"]
[Result "1/2-1/2"]
[PlyCount "114"]
[EventDate "2012.07.15"]

1. d4 d5 2. c4 e6 3. Nf3 Nf6 4. Nc3 c6 5. Bg5 Nbd7 6. e3 Qa5 7. Qc2 Ne4 8. Bf4
Bb4 9. Rc1 Qxa2 10. Bd3 Nxc3 11. bxc3 Qxc2 12. Rxc2 Be7 13. O-O Nf6 14. h3 O-O
15. Rb1 Ne8 16. c5 Bd8 17. c4 Bc7 18. Bxc7 Nxc7 19. cxd5 exd5 20. Ra2 a6 21.
Nh4 g6 22. Nf3 Nb5 23. Bxb5 Bf5 24. Rbb2 cxb5 25. Nd2 Bd3 26. Nf3 Bc4 27. Ra1
a5 28. Ne5 b4 29. Nd7 Rfd8 30. Nb6 Ra6 31. Kh2 Kf8 32. Kg3 Ke7 33. Kf4 h6 34.
e4 g5+ 35. Kf3 dxe4+ 36. Kxe4 f5+ 37. Kxf5 Bd3+ 38. Ke5 Rf8 39. d5 Rf5+ 40. Kd4
Bb5 41. d6+ Kd8 42. Re1 Bc6 43. g3 Rxb6 44. cxb6 Kd7 45. Re5 Rf6 46. Rxa5 Rxd6+
47. Kc4 Bg2 48. h4 gxh4 49. gxh4 Rxb6 50. Rxb4 Rc6+ 51. Kb3 Rf6 52. f4 Rd6 53.
Kc3 Ke6 54. Re5+ Kf6 55. Rbb5 Bf3 56. Rf5+ Kg6 57. h5+ Kg7 1/2-1/2

[Event "C.to Italiano di Categoria D"]
[Site "Civitanova Marche ITA"]
[Date "2012.07.16"]
[Round "2"]
[White "Tibaldeschi, Attilio"]
[Black "Marinucci, Johnny"]
[WhiteElo "1717"]
[BlackElo "1775"]
[Result "1-0"]
[PlyCount "76"]
[EventDate "2012.07.15"]

1. Nf3 Nf6 2. b3 d5 3. Bb2 Bf5 4. e3 e6 5. Be2 Be7 6. d4 h6 7. Nbd2 O-O 8. O-O
Nbd7 9. c4 c6 10. a3 a5 11. Rc1 Re8 12. h3 Bd6 13. Ne5 Qe7 14. c5 Bc7 15. b4
axb4 16. axb4 Ra2 17. Qb3 Rea8 18. Ra1 Rxa1 19. Rxa1 Qe8 20. f4 Rxa1+ 21. Bxa1
Qa8 22. Qb2 Nxe5 23. fxe5 Ne4 24. Nxe4 Bxe4 25. Qc1 Qa2 26. Qe1 Bd8 27. Bc3 Bg5
28. Bd2 Qb2 29. Kh2 Qa3 30. Qc1 Qb3 31. Qc3 Qxc3 32. Bxc3 Bxe3 33. b5 Kf8 34.
b6 g6 35. Ba6 Ke7 36. Bxb7 Kd7 37. Ba6 Bg5 38. Ba5 Bd8 1-0

[Event "C.to Italiano di Categoria D"]
[Site "Civitanova Marche ITA"]
[Date "2012.07.17"]
[Round "3"]
[White "Boscolo, Camiletto Andrea"]
[Black "Cesetti, Egidio"]
[WhiteElo "1753"]
[BlackElo "1635"]
[Result "1/2-1/2"]
[PlyCount "82"]
[EventDate "2012.07.15"]

1. e4 c5 2. Nf3 e6 3. b3 b6 4. Nc3 a6 5. Bb2 Bb7 6. Be2 Nc6 7. O-O Nf6 8. h3
Qc7 9. Re1 Be7 10. e5 Nh5 11. d4 cxd4 12. Nxd4 Nf4 13. Nxc6 Nxe2+ 14. Qxe2 Qxc6
15. Qe4 Qc7 16. Qg4 g6 17. Rad1 h5 18. Qd4 O-O-O 19. Ne4 Rhg8 20. Nd6+ Kb8 21.
Nxb7 Qxb7 22. Qf4 Bc5 23. Bd4 Qc6 24. Bxc5 Qxc5 25. Qa4 Qb5 26. Qxb5 axb5 27.
Rd6 Kc7 28. Red1 f6 29. f4 fxe5 30. fxe5 Rgf8 31. R6d4 Rf5 32. Re1 Rdf8 33. c4
bxc4 34. Rxc4+ Kb7 35. Rec1 Rxe5 36. Rc7+ Ka6 37. Rxd7 Re2 38. Rcc7 Rff2 39. a4
Rxg2+ 40. Kf1 Ka5 41. Rc4 Ka6 1/2-1/2

[Event "C.to Italiano di Categoria D"]
[Site "Civitanova Marche ITA"]
[Date "2012.07.17"]
[Round "3"]
[White "Di Natale, Gianluca"]
[Black "Donati, Michele"]
[WhiteElo "1701"]
[BlackElo "1764"]
[Result "1/2-1/2"]
[PlyCount "36"]
[EventDate "2012.07.15"]

1. e4 c5 2. Nf3 e6 3. d4 cxd4 4. Nxd4 a6 5. Nc3 Qc7 6. Bd3 Nf6 7. Bg5 Be7 8.
Qd2 Nc6 9. Nxc6 dxc6 10. Bf4 e5 11. Bg3 h5 12. f3 Be6 13. Qg5 Nxe4 14. Qxe5
Qxe5 15. Bxe5 Bf6 16. Bxf6 Nxf6 17. O-O O-O-O 18. Rad1 Rd6 1/2-1/2

[Event "C.to Italiano di Categoria D"]
[Site "Civitanova Marche ITA"]
[Date "2012.07.17"]
[Round "3"]
[White "Macellari, Giordano"]
[Black "Marrocco, Dario"]
[WhiteElo "1633"]
[BlackElo "1762"]
[Result "0-1"]
[PlyCount "100"]
[EventDate "2012.07.15"]

1. d4 Nf6 2. c4 g6 3. Nc3 Bg7 4. Nf3 d6 5. e4 O-O 6. Be2 Nbd7 7. O-O c6 8. Qc2
e5 9. dxe5 dxe5 10. Rd1 Qc7 11. h3 a5 12. Be3 b6 13. Rd2 Bb7 14. Rad1 Rfd8 15.
Bg5 h6 16. Bh4 g5 17. Bg3 Nh5 18. Nh2 Nxg3 19. fxg3 Nf6 20. Ng4 Rxd2 21. Nxf6+
Bxf6 22. Rxd2 Rd8 23. Bg4 Qe7 24. Rxd8+ Qxd8 25. Kh2 c5 26. b3 Qd4 27. Bf3 Bc6
28. Nd1 Bg7 29. g4 Bf8 30. Qf2 b5 31. cxb5 Bxb5 32. Qe1 a4 33. bxa4 Bxa4 34.
Nc3 Bc6 35. Nd5 c4 36. Kg3 Qb2 37. h4 Bxd5 38. exd5 Bd6 39. Be4 c3 40. Qf2
gxh4+ 41. Kf3 Qa3 42. Qc2 Kg7 43. Qb3 Qc1 44. Qc2 Qf4+ 45. Ke2 Qxg4+ 46. Kd3
Qg3+ 47. Kc4 Qf4 48. Kxc3 Qe3+ 49. Qd3 Qe1+ 50. Kc4 Qb4# 0-1

[Event "C.to Italiano di Categoria D"]
[Site "Civitanova Marche ITA"]
[Date "2012.07.17"]
[Round "3"]
[White "Maggiore, Francesco"]
[Black "Tibaldeschi, Attilio"]
[WhiteElo "1778"]
[BlackElo "1717"]
[Result "1-0"]
[PlyCount "75"]
[EventDate "2012.07.15"]

1. d4 d5 2. c4 e6 3. e3 Nf6 4. Nf3 Nbd7 5. Nc3 c6 6. Bd3 Be7 7. Qc2 h6 8. O-O
dxc4 9. Bxc4 b5 10. Bd3 Bb7 11. e4 a6 12. Be3 Rc8 13. Rfd1 O-O 14. h3 Qc7 15.
Qd2 Nh7 16. e5 Rfd8 17. Ne4 Ndf8 18. Rac1 Rd7 19. b4 Qd8 20. Nc5 Bxc5 21. Rxc5
Qe7 22. Qc2 Ng5 23. Bxg5 hxg5 24. Be4 Rdc7 25. Qd2 f6 26. exf6 gxf6 27. Qe3 Kg7
28. Re1 Nd7 29. Rc3 Nb6 30. h4 Nd5 31. Bxd5 cxd5 32. Rxc7 Rxc7 33. hxg5 Bc8 34.
gxf6+ Qxf6 35. Ne5 Kf8 36. Rc1 Rxc1+ 37. Qxc1 Qd8 38. Qh6+ 1-0

[Event "C.to Italiano di Categoria D"]
[Site "Civitanova Marche ITA"]
[Date "2012.07.17"]
[Round "3"]
[White "Ramini, Luigi"]
[Black "Agostinelli, Matteo"]
[WhiteElo "1763"]
[BlackElo "1651"]
[Result "1-0"]
[PlyCount "85"]
[EventDate "2012.07.15"]

1. d4 d5 2. c4 c6 3. Nf3 Nf6 4. e3 Bg4 5. Nc3 e6 6. Bd3 Nbd7 7. O-O Qc7 8. h3
Bh5 9. b3 Bb4 10. Bb2 Qa5 11. Na4 Bxf3 12. gxf3 b5 13. a3 Bd6 14. cxb5 cxb5 15.
Nc3 a6 16. e4 Be7 17. exd5 exd5 18. Re1 Qc7 19. Qe2 Nb6 20. Rac1 Qd6 21. Bxb5+
Nbd7 22. Bxa6 Kd8 23. Nb5 Qe6 24. Qxe6 fxe6 25. Nc7 Rb8 26. Nxe6+ Ke8 27. Nxg7+
Kf7 28. Nf5 Bf8 29. b4 Rg8+ 30. Kf1 Rg5 31. Ng3 Bd6 32. h4 Rg7 33. Nf5 Rb6 34.
Nxg7 Kxg7 35. Bd3 Kh6 36. Re6 Kh5 37. Ke2 Kh6 38. Rg1 Bf4 39. Rxb6 Nxb6 40. Bc1
Bxc1 41. Rxc1 Kh5 42. Rc6 Nbd7 43. Bf5 1-0

[Event "C.to Italiano di Categoria D"]
[Site "Civitanova Marche ITA"]
[Date "2012.07.18"]
[Round "4"]
[White "Donati, Michele"]
[Black "Vitale, Alessandro"]
[WhiteElo "1764"]
[BlackElo "1715"]
[Result "1-0"]
[PlyCount "45"]
[EventDate "2012.07.15"]

1. c4 c5 2. Nf3 b6 3. g3 Bb7 4. Bg2 g6 5. O-O Bg7 6. Nc3 Nc6 7. e3 e5 8. a3
Nge7 9. Nd5 f5 10. d3 d6 11. Rb1 O-O 12. b4 Nxd5 13. cxd5 Ne7 14. Ng5 Bc8 15.
bxc5 bxc5 16. Qa4 a5 17. Bd2 Bd7 18. Qc4 Qc7 19. Ne6 Bxe6 20. dxe6 Rab8 21. Qa6
d5 22. Bxa5 Qc8 23. Qd6 1-0

[Event "C.to Italiano di Categoria D"]
[Site "Civitanova Marche ITA"]
[Date "2012.07.18"]
[Round "4"]
[White "Graziani, Roberto"]
[Black "Di Natale, Gianluca"]
[WhiteElo "1746"]
[BlackElo "1701"]
[Result "1/2-1/2"]
[PlyCount "49"]
[EventDate "2012.07.15"]

1. e4 c6 2. d4 d5 3. Nc3 dxe4 4. Nxe4 Bf5 5. Ng3 Bg6 6. Nf3 Nf6 7. h4 h6 8. h5
Bh7 9. Bd3 Bxd3 10. Qxd3 e6 11. Bd2 Bd6 12. Ne4 Nxe4 13. Qxe4 Nd7 14. O-O-O Nf6
15. Qe2 Qb6 16. a3 Rc8 17. c4 Qa6 18. Bc3 O-O 19. Ne5 c5 20. Rh4 cxd4 21. Bxd4
b5 22. Bc3 Bxe5 23. Qxe5 Rxc4 24. Rxc4 bxc4 25. g4 1/2-1/2

[Event "C.to Italiano di Categoria D"]
[Site "Civitanova Marche ITA"]
[Date "2012.07.18"]
[Round "4"]
[White "Marrocco, Dario"]
[Black "Maggiore, Francesco"]
[WhiteElo "1762"]
[BlackElo "1778"]
[Result "0-1"]
[PlyCount "57"]
[EventDate "2012.07.15"]

1. c4 c6 2. Nc3 Nf6 3. g3 d5 4. cxd5 cxd5 5. Bg2 e6 6. d3 Nc6 7. Nf3 d4 8. Nb1
Bb4+ 9. Bd2 O-O 10. Bxb4 Nxb4 11. O-O Re8 12. Nbd2 e5 13. a3 Nc6 14. b4 a6 15.
Rb1 Be6 16. a4 Nd5 17. Qe1 Nc3 18. Ra1 Nxb4 19. Rc1 Bf5 20. Nb1 Nca2 21. Rc4
Qa5 22. Nfd2 Be6 23. Nb3 Qxa4 24. Nc5 Qb5 25. Na3 Qb6 26. Na4 Qd6 27. Rc5 b5
28. Bxa8 bxa4 29. Nc4 0-1

[Event "C.to Italiano di Categoria D"]
[Site "Civitanova Marche ITA"]
[Date "2012.07.18"]
[Round "4"]
[White "Marvulli, Dario"]
[Black "Boscolo, Camiletto Andrea"]
[WhiteElo "1676"]
[BlackElo "1753"]
[Result "1-0"]
[PlyCount "87"]
[EventDate "2012.07.15"]

1. e4 g6 2. d4 Bg7 3. Nf3 c5 4. Be3 cxd4 5. Bxd4 Bxd4 6. Qxd4 Nf6 7. Bc4 Nc6 8.
Qc3 d6 9. Nbd2 Qb6 10. O-O O-O 11. Rfe1 Nd7 12. Bb3 Nc5 13. Nc4 Qc7 14. e5 dxe5
15. Ncxe5 Nxb3 16. Nxc6 Qxc6 17. Qxc6 bxc6 18. axb3 Re8 19. g3 f6 20. Nd4 Bb7
21. Re6 c5 22. Nb5 Bd5 23. Rea6 Rec8 24. Rxa7 Rxa7 25. Rxa7 Be4 26. Na3 Rd8 27.
Kf1 e5 28. Ke2 Rc8 29. Ra6 Kf7 30. Rd6 Ke7 31. Rd2 g5 32. Nc4 g4 33. Nd6 Bf3+
34. Ke3 Rh8 35. Ne4 Rc8 36. Nc3 h5 37. Ne2 Ke6 38. Ng1 Bc6 39. f4 Rf8 40. Rf2
Rd8 41. Ne2 e4 42. f5+ Ke5 43. Nf4 Bd7 44. Rd2 1-0

[Event "C.to Italiano di Categoria D"]
[Site "Civitanova Marche ITA"]
[Date "2012.07.18"]
[Round "4"]
[White "Ripa, Francesco"]
[Black "Ramini, Luigi"]
[WhiteElo "1707"]
[BlackElo "1763"]
[Result "1-0"]
[PlyCount "120"]
[EventDate "2012.07.15"]

1. Nf3 d5 2. d4 Nf6 3. c4 e6 4. Nc3 c6 5. e3 b6 6. Bd3 Bd6 7. e4 dxc4 8. Bxc4
Bc7 9. Bg5 h6 10. Bh4 g5 11. Bg3 Bxg3 12. hxg3 b5 13. Bd3 g4 14. Nh4 Qxd4 15.
Nxb5 Qb4+ 16. Nc3 Qxb2 17. Rc1 Na6 18. O-O Nb4 19. Bc4 Ba6 20. Bxa6 Nxa6 21.
Qd4 Qb6 22. Qxf6 Rh7 23. Rfd1 Nc5 24. Qf4 Nd7 25. e5 Nc5 26. Ne4 Nxe4 27. Qxe4
Rg7 28. Rxc6 Qb7 29. Rxe6+ fxe6 30. Qf4 h5 31. Qh6 Qf7 32. Rd6 Ke7 33. Qd2 Qe8
34. Qh6 Qf7 35. Qd2 Ke8 36. Qh6 Ke7 37. Qd2 Kf8 38. Qh6 Re8 39. Qh8+ Ke7 40.
Qh6 Rd8 41. Rxe6+ Qxe6 42. Qxg7+ Qf7 43. Ng6+ Ke8 44. Qh8+ Kd7 45. Qh6 Qxa2 46.
Qxh5 Qe6 47. Nf4 Qg8 48. Qf5+ Kc6 49. Qc2+ Kb7 50. e6 Qg5 51. Qb3+ Ka8 52. Qa4
Qc5 53. Qe4+ Kb8 54. Ng6 Qc1+ 55. Kh2 Rd1 56. Qf4+ Qxf4 57. gxf4 Re1 58. f5 a5
59. e7 a4 60. f6 a3 1-0

[Event "C.to Italiano di Categoria D"]
[Site "Civitanova Marche ITA"]
[Date "2012.07.19"]
[Round "5"]
[White "Ambrosini, Andrea"]
[Black "Graziani, Roberto"]
[WhiteElo "1684"]
[BlackElo "1746"]
[Result "1-0"]
[PlyCount "95"]
[EventDate "2012.07.15"]

1. e4 c5 2. Nf3 d6 3. Bb5+ Bd7 4. Bxd7+ Nxd7 5. O-O Ngf6 6. Re1 Qc7 7. c3 e6 8.
d4 cxd4 9. cxd4 Be7 10. Nc3 O-O 11. Bg5 Qd8 12. Qd2 Nh5 13. Be3 g6 14. Bh6 Re8
15. Rad1 Nb6 16. Qe2 Rc8 17. Rc1 Bf8 18. Bxf8 Kxf8 19. Qd2 Kg7 20. b3 a6 21. h3
Nf6 22. Qe3 h6 23. Rc2 Re7 24. Rec1 Rec7 25. d5 Nbd7 26. dxe6 fxe6 27. Nd4 Qe7
28. f4 Qf7 29. f5 exf5 30. exf5 Re8 31. Ne6+ Kh7 32. Qg3 Rc6 33. fxg6+ Qxg6 34.
Qxg6+ Kxg6 35. Re2 Rec8 36. Re3 Nd5 37. Rg3+ Kh7 38. Rg7+ Kh8 39. Rxd7 Rxc3 40.
Rxc3 Nxc3 41. Rxb7 Nxa2 42. Rb6 Rc3 43. Rxa6 Nb4 44. Rxd6 Rxb3 45. Rb6 Rb1+ 46.
Kh2 Kh7 47. Nf4 Rf1 48. Rxb4 1-0

[Event "C.to Italiano di Categoria D"]
[Site "Civitanova Marche ITA"]
[Date "2012.07.19"]
[Round "5"]
[White "Maggiore, Francesco"]
[Black "Ripa, Francesco"]
[WhiteElo "1778"]
[BlackElo "1707"]
[Result "1/2-1/2"]
[PlyCount "119"]
[EventDate "2012.07.15"]

1. d4 g6 2. c4 Bg7 3. Nf3 d6 4. Nc3 e5 5. dxe5 dxe5 6. Qxd8+ Kxd8 7. Ng5 Nh6 8.
Nge4 f5 9. Bg5+ Ke8 10. Nf6+ Kf7 11. e4 c6 12. exf5 Bxf6 13. Bxh6 Bxf5 14. Be3
Na6 15. a3 Nc7 16. Be2 h5 17. f3 h4 18. Rd1 Be7 19. Ne4 b6 20. Bg5 Rad8 21.
Bxe7 Kxe7 22. Nf2 Ne6 23. Bd3 Nf4 24. Bxf5 Rxd1+ 25. Nxd1 gxf5 26. Ne3 Ke6 27.
b4 Rd8 28. g3 Rd3 29. Kf2 Rd2+ 30. Kf1 Rd3 31. Kf2 Rd2+ 32. Kf1 Nh3 33. Ke1 Ra2
34. gxh4 Rxa3 35. Kd2 Nf4 36. Re1 Ra2+ 37. Nc2 a5 38. bxa5 Rxa5 39. Kc3 Kf6 40.
Nb4 Rc5 41. Nd3 Nxd3 42. Kxd3 Ra5 43. Rb1 b5 44. cxb5 Rxb5 45. Rc1 Rd5+ 46. Ke3
Rd6 47. Rg1 Rd7 48. h5 Rg7 49. Rc1 Rc7 50. Rc5 Ke6 51. f4 e4 52. h4 Kf6 53. Kd4
Rd7+ 54. Kc4 Rc7 55. Re5 Rh7 56. Rc5 Rxh5 57. Rxc6+ Kf7 58. Rc5 Rxh4 59. Rxf5+
Kg6 60. Re5 1/2-1/2

[Event "C.to Italiano di Categoria D"]
[Site "Civitanova Marche ITA"]
[Date "2012.07.19"]
[Round "5"]
[White "Marvulli, Dario"]
[Black "Donati, Michele"]
[WhiteElo "1676"]
[BlackElo "1764"]
[Result "1/2-1/2"]
[PlyCount "94"]
[EventDate "2012.07.15"]

1. e4 c5 2. Nc3 e6 3. f4 d5 4. Nf3 dxe4 5. Bb5+ Bd7 6. Bxd7+ Qxd7 7. Nxe4 Nc6
8. d3 Be7 9. O-O Nh6 10. Qe1 Nf5 11. Qf2 b6 12. Bd2 Ncd4 13. Ne5 Qd5 14. c4 Qb7
15. g3 h5 16. Qg2 Rb8 17. Rac1 Nd6 18. Bc3 N6f5 19. Rfe1 h4 20. g4 Nd6 21. Bxd4
cxd4 22. Nc6 Rc8 23. Nxd4 Nxe4 24. Qxe4 Qxe4 25. Rxe4 Bc5 26. Kg2 Rd8 27. Nb5
h3+ 28. Kf1 Rxd3 29. Ke2 Rd7 30. a3 a6 31. b4 Be7 32. Nc3 Rh4 33. Rg1 g6 34.
Rg3 Bf6 35. Na4 Rd6 36. Ree3 Ke7 37. f5 Bg5 38. Rd3 Rc6 39. c5 bxc5 40. Nxc5 a5
41. fxe6 fxe6 42. Rxh3 Rxg4 43. Rhg3 Rxg3 44. Rxg3 Bf4 45. Rxg6 axb4 46. axb4
Bxh2 47. Kd3 Kf7 1/2-1/2

[Event "C.to Italiano di Categoria D"]
[Site "Civitanova Marche ITA"]
[Date "2012.07.19"]
[Round "5"]
[White "Ramini, Luigi"]
[Black "Calandra, Mauro"]
[WhiteElo "1763"]
[BlackElo "1657"]
[Result "1-0"]
[PlyCount "59"]
[EventDate "2012.07.15"]

1. d4 Nf6 2. Bg5 e6 3. e4 Be7 4. Bxf6 Bxf6 5. c3 d5 6. Nd2 O-O 7. e5 Be7 8. Bd3
Nd7 9. Qc2 g6 10. g3 c5 11. h4 c4 12. Be2 f6 13. f4 fxe5 14. fxe5 Qe8 15. Nh3
Qf7 16. Nf4 Nb6 17. Rf1 Qf5 18. Qd1 Qf7 19. Nxd5 Nxd5 20. Rxf7 Rxf7 21. Nxc4
Bd7 22. Qd2 Raf8 23. O-O-O Rf2 24. Ne3 Bxh4 25. gxh4 Nf4 26. Re1 Bb5 27. c4 Rc8
28. Kd1 Bxc4 29. Nxc4 Rxc4 30. Bxc4 1-0

[Event "C.to Italiano di Categoria D"]
[Site "Civitanova Marche ITA"]
[Date "2012.07.19"]
[Round "5"]
[White "Vitale, Alessandro"]
[Black "Marrocco, Dario"]
[WhiteElo "1715"]
[BlackElo "1762"]
[Result "0-1"]
[PlyCount "132"]
[EventDate "2012.07.15"]

1. e4 e6 2. d4 d5 3. e5 c5 4. c3 Nc6 5. Nf3 Qb6 6. Bd3 cxd4 7. cxd4 Nge7 8. O-O
Nf5 9. Bxf5 exf5 10. b3 Be7 11. Ba3 O-O 12. Bxe7 Nxe7 13. Qd2 Bd7 14. Nc3 Rac8
15. Ne2 Rc7 16. Rac1 Rfc8 17. Rxc7 Rxc7 18. Re1 Be6 19. g3 h6 20. h4 Rc6 21.
Nf4 Qc7 22. Re2 b5 23. Ne1 a5 24. Ned3 Bc8 25. Nc5 b4 26. f3 Kh7 27. Rg2 Qd8
28. g4 fxg4 29. fxg4 Ng6 30. Nxg6 fxg6 31. g5 h5 32. Rf2 Bf5 33. Qe2 Qc8 34.
Qb5 Bh3 35. Rf4 Qc7 36. Rf8 Bc8 37. Qe2 Rxc5 38. dxc5 Qxc5+ 39. Rf2 Bg4 40. Qd2
d4 41. Qe1 d3 42. Kh2 Be2 43. Rxe2 dxe2 44. Qxe2 Kg8 45. e6 Kf8 46. Qf3+ Qf5
47. Qa8+ Ke7 48. Qb7+ Kxe6 49. Qc6+ Kf7 50. Qc7+ Kg8 51. Qg3 Qd7 52. Qf2 Qc7+
53. Kh3 Qe5 54. Qg3 Qf5+ 55. Kg2 Qc2+ 56. Qf2 Qxf2+ 57. Kxf2 Kf8 58. Ke3 Ke7
59. Kf4 Kd6 60. Ke4 Ke6 61. Kf4 Kd5 62. Ke3 Ke5 63. Kf3 Kf5 64. Ke3 Kg4 65. Ke4
Kxh4 66. Kf4 Kh3 0-1